Statistics for Former Stadiums of English Football Clubs

Click here to take the quiz!

General Stats

  • This quiz has been taken 56 times
  • The average score is 12 of 16

Answer Stats

StadiumUntilClub% Correct
Highbury2006Arsenal
98%
White Hart Lane2017Tottenham Hotspur
98%
Maine Road2003Manchester City
93%
Boleyn Ground2016West Ham United
87%
Filbert Street2002Leicester City
83%
The Dell2001Southampton
80%
Griffin Park2020Brentford
74%
Baseball Ground1997Derby County
74%
Roker Park1997Sunderland
74%
Highfield Road2005Coventry City
72%
Ayresome Park1995Middlesbrough
72%
Boothferry Park2002Hull City
63%
Leeds Road1994Huddersfield Town
61%
Withdean Stadium2011Brighton & Hove Albion
59%
Elm Park1998Reading
54%
Victoria Ground1997Stoke City
54%

Score Distribution

Percentile by Number Answered

Percent of People with Each Score

Your Score History

You have not taken this quiz